|
|
|
|
| LEADER |
00000nam0a2200000 4500 |
| 001 |
296584 |
| 005 |
20231102000924.0 |
| 035 |
|
|
|a (RuTPU)RU\TPU\book\321692
|
| 090 |
|
|
|a 296584
|
| 100 |
|
|
|a 20150601d1984 km y0rusy50 ca
|
| 101 |
0 |
|
|a rus
|
| 102 |
|
|
|a RU
|
| 105 |
|
|
|a a z 111zb
|
| 200 |
1 |
|
|a II Областная научно-техническая конференция, посвященная дгю радио и 125 летиюсо дня рождения А. С. Попова
|e тезисы докладов
|f Всесоюзное научно-техническое общество радиотехники, электроники и связи им. А. С. Попова, Челябинское областное правление ; под ред. Ю. И. Вахтина
|
| 210 |
|
|
|a Челябинск
|c Челябинский рабочий
|d 1984
|
| 215 |
|
|
|a 96 с.
|c ил.
|
| 320 |
|
|
|a Библиогр. в конце докл.
|
| 600 |
|
1 |
|a Попов
|g Александр Степанович
|b А. С.
|c российский физик
|f 1859-1905/1906
|c электротехник
|2 stltpush
|3 (RuTPU)RU\TPU\pers\1295
|
| 606 |
1 |
|
|a Радио
|x История
|2 stltpush
|3 (RuTPU)RU\TPU\subj\64844
|9 81570
|
| 610 |
1 |
|
|a радиотехники
|
| 610 |
1 |
|
|a радиотехника
|
| 610 |
1 |
|
|a конференции
|
| 610 |
1 |
|
|a радиоэлектроника
|
| 610 |
1 |
|
|a связь
|
| 610 |
1 |
|
|a микросхемотехника
|
| 610 |
1 |
|
|a робототехника
|
| 675 |
|
|
|a 621.396(063)
|v 4
|
| 702 |
|
1 |
|a Вахтин
|b Ю. И.
|4 340
|
| 712 |
0 |
2 |
|a Всесоюзное научно-техническое общество радиотехники, электроники и связи им. А. С. Попова
|b Челябинское областное правление
|2 stltpush
|3 (RuTPU)RU\TPU\col\17714
|
| 712 |
1 |
2 |
|a Областная научно-техническая конференция, посвященная дгю радио и 125 летиюсо дня рождения А. С. Попова
|c конференция
|d 2
|e Челябинск
|f 1984
|4 570
|
| 801 |
|
1 |
|a RU
|b 63413507
|c 20150601
|
| 801 |
|
2 |
|a RU
|b 63413507
|c 20190218
|g RCR
|
| 942 |
|
|
|c BK
|